Lẽ sống
Spremljeno u:
| Glavni autor: | |
|---|---|
| Format: | Knjiga |
| Jezik: | Undetermined |
| Izdano: |
Tp. HCM
Văn Nghệ
1996
|
| Teme: | |
| Oznake: |
Dodaj oznaku
Bez oznaka, Budi prvi tko označuje ovaj zapis!
|
| Thư viện lưu trữ: | Trung tâm Học liệu Trường Đại học Cần Thơ |
|---|
| LEADER | 00479nam a2200181Ia 4500 | ||
|---|---|---|---|
| 001 | CTU_53280 | ||
| 008 | 210402s9999 xx 000 0 und d | ||
| 020 | |b 5200 | ||
| 082 | |a 895.922332 | ||
| 082 | |b Tr121 | ||
| 100 | |a Trần Huyền Trân | ||
| 245 | 0 | |a Lẽ sống | |
| 245 | 0 | |c Trần Huyền Trân | |
| 260 | |a Tp. HCM | ||
| 260 | |b Văn Nghệ | ||
| 260 | |c 1996 | ||
| 650 | |a vietnamese fiction | ||
| 980 | |a Trung tâm Học liệu Trường Đại học Cần Thơ | ||